[Event "2nd UzChess Cup Futures"]
[Site "Tashkent UZB"]
[Date "2025.06.24"]
[Round "6"]
[White "Saydaliev,Saidakbar"]
[Black "Chatalbashev,B"]
[Result "1/2-1/2"]
[WhiteElo "2450"]
[BlackElo "2489"]
[EventDate "2025.06.18"]

1. e4 g6 2. d4 Bg7 3. Nc3 d6 4. Be3 a6 5. h4 h5 6. Nh3 Nf6 7. Ng5 Ng4 8.
Bf4 Nc6 9. d5 Nce5 10. f3 Nf6 11. Qd2 Bd7 12. Be2 c5 13. a4 O-O 14. O-O Nh7
15. a5 b5 16. axb6 Qxb6 17. Ra2 a5 18. Rfa1 Rfb8 19. Nb1 Nxg5 20. Bxg5 f5
21. exf5 Bxf5 22. Na3 a4 23. Kh1 Rb7 24. c3 Qb3 25. f4 Ng4 26. Bd1 Qb6 27.
Nc4 Qb5 28. Rxa4 Rxa4 29. Rxa4 Kh7 30. Kg1 Qd7 31. Ra1 Be4 32. Bxg4 Qxg4
33. Re1 Qf5 34. Ne3 Qf7 35. Kh2 Ra7 36. Rd1 Rb7 37. Nf1 c4 38. Ne3 Bd3 39.
Qf2 e6 40. dxe6 Qxe6 41. Re1 Qf7 42. Nd1 d5 43. Qc5 Rc7 44. Qb6 Bf5 45. Nf2
Rb7 46. Qc6 Rc7 47. Qb5 Rb7 48. Qc5 Rxb2 49. Re7 Qf8 50. Qd6 Re2 51. Rxg7+
Qxg7 52. Bf6 Qf7 53. Be5 Bd7 54. Qb8 Qe8 55. Qd6 Qe6 56. Qb8 Qe8 57. Qd6
Qe6 58. Qb8 1/2-1/2

[Event "2nd UzChess Cup Futures"]
[Site "Tashkent UZB"]
[Date "2025.06.24"]
[Round "6"]
[White "Nigmatov,Ortik"]
[Black "Pichot,A"]
[Result "1-0"]
[WhiteElo "2474"]
[BlackElo "2588"]
[EventDate "2025.06.18"]

1. e4 e5 2. Nc3 Nc6 3. Bc4 Nf6 4. d3 Na5 5. Bb3 Bc5 6. Nf3 d6 7. Na4 Bb6 8.
Nxb6 axb6 9. Ba4+ Bd7 10. Bxd7+ Qxd7 11. O-O O-O 12. c4 Qe6 13. h3 Nc6 14.
Ng5 Qe7 15. f4 exf4 16. Bxf4 Nd7 17. Qd2 h6 18. Nf3 f5 19. Rae1 Rxa2 20.
exf5 Qf6 21. d4 Qxf5 22. Bxh6 gxh6 23. d5 Nd8 24. Nd4 Qg6 25. Rxf8+ Nxf8
26. Qf2 Qf7 27. Nf5 Qf6 28. Re7 Kh8 29. Re8 Rxb2 30. Qd4 Rb1+ 31. Kh2 Qxd4
32. Rxf8+ Kh7 33. Nxd4 Rb4 34. Rxd8 Rxc4 35. Rd7+ Kg6 36. Nb5 Rc5 37. Nxc7
1-0

[Event "2nd UzChess Cup Futures"]
[Site "Tashkent UZB"]
[Date "2025.06.24"]
[Round "6"]
[White "Alekseev,Evgeny"]
[Black "Abdisalimov,Abdimalik"]
[Result "1/2-1/2"]
[WhiteElo "2520"]
[BlackElo "2490"]
[EventDate "2025.06.18"]

1. e4 c5 2. Nf3 d6 3. Bb5+ Nc6 4. d4 cxd4 5. Nxd4 Bd7 6. c4 g6 7. Nc3 Bg7
8. Be3 Nf6 9. h3 Rc8 10. O-O O-O 11. Bxc6 bxc6 12. c5 d5 13. e5 Ne4 14.
Nxe4 dxe4 15. e6 fxe6 16. Qc2 Rb8 17. Qxe4 Qc8 18. b3 e5 19. Nf3 Bf5 20.
Qc4+ Be6 21. Qh4 Rxf3 22. gxf3 Bd5 23. Qg4 Qf5 24. Rad1 Bxf3 25. Qxf5 gxf5
26. Rd7 Bf6 27. Kh2 f4 28. Bd2 Kf7 29. Re1 Rg8 30. Rg1 Ra8 31. Re1 a6 32.
b4 Kg6 33. Bc3 e4 34. Bxf6 exf6 35. Rd6 Kf5 36. a4 Rb8 37. Rb1 Rg8 38. Rg1
Rb8 39. Rb1 Rc8 40. Rc1 Rc7 41. b5 axb5 42. axb5 cxb5 43. c6 e3 44. fxe3
fxe3 45. Kg3 Ke5 46. Rd7 Rxc6 47. Rb1 Be2 48. Re1 Rc2 49. Re7+ Kd4 50. Kf4
Bc4 51. R1xe3 b4 52. R3e4+ 1/2-1/2

[Event "2nd UzChess Cup Futures"]
[Site "Tashkent UZB"]
[Date "2025.06.24"]
[Round "6"]
[White "Begmuratov,Khumoyun"]
[Black "Ruck,R1"]
[Result "1/2-1/2"]
[WhiteElo "2470"]
[BlackElo "2515"]
[EventDate "2025.06.18"]

1. e4 c6 2. d4 d5 3. e5 Bf5 4. Nf3 e6 5. Be2 c5 6. Be3 cxd4 7. Nxd4 Ne7 8.
Nd2 Nbc6 9. N2f3 Bg4 10. O-O Bxf3 11. Nxf3 Qc7 12. c4 dxc4 13. Bxc4 Ng6 14.
Qa4 Be7 15. Bb5 O-O 16. Bxc6 bxc6 17. Bd4 c5 18. Rac1 Qb6 19. Bc3 Rfd8 20.
h4 h5 21. Rfd1 Qb7 22. Rxd8+ Rxd8 23. Rd1 Rxd1+ 24. Qxd1 Qe4 25. g3 Qg4 26.
Kf1 Qc4+ 27. Kg1 Qg4 28. Kf1 Qc4+ 29. Kg1 Qg4 30. Kf1 Qc4+ 31. Kg1 Qg4 32.
Kf1 Qc4+ 33. Kg1 Qg4 1/2-1/2

[Event "2nd UzChess Cup Futures"]
[Site "Tashkent UZB"]
[Date "2025.06.24"]
[Round "6"]
[White "Sychev,K"]
[Black "Atabayev,Saparmyrat"]
[Result "1/2-1/2"]
[WhiteElo "2513"]
[BlackElo "2517"]
[EventDate "2025.06.18"]

1. d4 Nf6 2. c4 e6 3. Nf3 d5 4. Nc3 Bb4 5. cxd5 exd5 6. Bg5 h6 7. Bh4 O-O
8. e3 Be7 9. Bd3 Be6 10. O-O Nbd7 11. Qc2 c5 12. dxc5 Nxc5 13. Rfd1 Qb6 14.
Na4 Nxa4 15. Qxa4 Rfc8 16. Qb5 Qxb5 17. Bxb5 Kf8 18. Bg3 Ne4 19. Be5 f6 20.
Bd4 a6 21. Bd3 Rc6 22. Rac1 Rac8 23. Rxc6 Rxc6 24. Kf1 Rc8 25. Ng1 Bd6 26.
h3 Ke7 27. Ne2 Nc5 28. Bb1 Ne4 29. Kg1 b5 30. Bd3 Nc5 31. Bb1 Ne4 32. Bd3
Nc5 33. Bb1 1/2-1/2

[Event "2nd UzChess Cup Futures"]
[Site "Tashkent UZB"]
[Date "2025.06.25"]
[Round "7"]
[White "Atabayev,Saparmyrat"]
[Black "Saydaliev,Saidakbar"]
[Result "1/2-1/2"]
[WhiteElo "2517"]
[BlackElo "2450"]
[EventDate "2025.06.18"]

1. c4 e6 2. Nc3 d5 3. d4 Nf6 4. cxd5 exd5 5. Bg5 Be7 6. e3 O-O 7. Bd3 Re8
8. Nge2 c6 9. O-O a5 10. f3 h6 11. Bh4 Nbd7 12. Bf2 Nb6 13. Qc2 c5 14. dxc5
Bxc5 15. Nb5 Nbd7 16. Ned4 Bb6 17. Nd6 Rf8 18. Qe2 Ne5 19. Nxc8 Rxc8 20.
Bf5 Rc7 21. Rfd1 Qe7 22. b3 Re8 23. Rac1 Rxc1 24. Rxc1 Neg4 25. Bxg4 Bxd4
26. Bc8 b6 27. Ba6 Bxe3 28. Qxe3 Qxe3 29. Bxe3 Rxe3 30. Kf2 Re6 31. Rc8+
Kh7 32. Rc7 Kg8 33. Rc8+ Kh7 34. Rc7 Kg8 35. Rc8+ Kh7 36. Rc7 Kg8 1/2-1/2

[Event "2nd UzChess Cup Futures"]
[Site "Tashkent UZB"]
[Date "2025.06.25"]
[Round "7"]
[White "Ruck,R1"]
[Black "Sychev,K"]
[Result "1/2-1/2"]
[WhiteElo "2515"]
[BlackElo "2513"]
[EventDate "2025.06.18"]

1. Nf3 d5 2. d4 Nf6 3. c4 e6 4. Nc3 Bb4 5. Bg5 h6 6. Bxf6 Qxf6 7. e3 O-O 8.
Rc1 Nc6 9. cxd5 exd5 10. a3 Bxc3+ 11. Rxc3 Ne7 12. Be2 c6 13. O-O Bg4 14.
b4 a6 15. a4 Rfe8 16. Ne5 Bxe2 17. Qxe2 Ng6 18. Nxg6 fxg6 19. Qc2 Re6 20.
b5 axb5 21. axb5 g5 22. bxc6 bxc6 23. Rb1 g4 24. Rcb3 Qg6 25. Qxg6 Rxg6 26.
Rb8+ Rxb8 27. Rxb8+ Kh7 28. Rc8 h5 29. Kf1 Rf6 30. Ke2 Kh6 31. Rc7 g6 32.
Re7 Kg5 33. Rc7 1/2-1/2

[Event "2nd UzChess Cup Futures"]
[Site "Tashkent UZB"]
[Date "2025.06.25"]
[Round "7"]
[White "Abdisalimov,Abdimalik"]
[Black "Begmuratov,Khumoyun"]
[Result "1-0"]
[WhiteElo "2490"]
[BlackElo "2470"]
[EventDate "2025.06.18"]

1. d4 d5 2. c4 e6 3. Nf3 Nf6 4. Nc3 h6 5. g3 Nc6 6. Bg2 Bd6 7. O-O O-O 8.
b3 dxc4 9. bxc4 e5 10. Nb5 exd4 11. Nfxd4 Be5 12. Nxc6 bxc6 13. Qxd8 Rxd8
14. Bxc6 Bh3 15. Be3 Bxa1 16. Rxa1 Rac8 17. Nxa7 Rb8 18. Bb5 Rd6 19. Bf4
Re6 20. Nc6 Ra8 21. Nd4 Re7 22. a4 g5 23. Be3 Ng4 24. Bc6 Rd8 25. a5 Nxe3
26. fxe3 Rxe3 27. Bd5 c5 28. Nb5 Bc8 29. a6 Bxa6 30. Rxa6 Rxe2 31. Rg6+ Kh7
32. Rf6 Kg7 33. Rxf7+ Kg6 34. Rf2 Rxf2 35. Kxf2 Kf5 36. h3 Ke5 37. Ke3 Rf8
38. Bf3 Rf7 39. Be2 Re7 40. Nc3 Kf5+ 41. Kd2 Ke5 42. Bd3 Kd4 43. Ne2+ Ke5
44. Ke3 Kd6+ 45. Be4 Ra7 46. Bd3 Re7+ 47. Be4 Ra7 48. Ng1 Ra3+ 49. Bd3 Ra1
50. Nf3 Rh1 51. Kf2 Rd1 52. Be2 Ra1 53. Nd2 Ra5 54. Ke3 Ra3+ 55. Bd3 Ra1
56. Ne4+ Kc6 57. Nf2 Kd6 58. Ng4 h5 59. Nf2 Ke5 60. Be2 h4 61. Ng4+ Ke6 62.
gxh4 Ra3+ 63. Bd3 gxh4 64. Nh2 Kf6 65. Nf3 Ra1 66. Kf4 Rh1 67. Ng5 Ke7 68.
Be4 Rc1 69. Bd5 Rg1 70. Ne4 Rg2 71. Nxc5 Rg3 72. Be6 Ra3 73. Ke5 Ra5 74.
Kd5 Ra3 75. Bg4 Rg3 76. Kd4 Rg1 77. Ne4 Rc1 78. Kd5 Rg1 79. Ng5 Rf1 80. Nf3
Rd1+ 81. Kc5 Kf6 82. Nxh4 Rc1 83. Nf3 1-0

[Event "2nd UzChess Cup Futures"]
[Site "Tashkent UZB"]
[Date "2025.06.25"]
[Round "7"]
[White "Pichot,A"]
[Black "Alekseev,Evgeny"]
[Result "1/2-1/2"]
[WhiteElo "2588"]
[BlackElo "2520"]
[EventDate "2025.06.18"]

1. e4 e5 2. Nf3 Nc6 3. Bc4 Bc5 4. c3 Nf6 5. d3 d6 6. Bg5 h6 7. Bh4 a6 8.
Nbd2 Ba7 9. a4 Qe7 10. O-O g5 11. Bg3 Nh7 12. d4 h5 13. h4 g4 14. Ne1 Nf8
15. f4 Be6 16. Bd5 exf4 17. Rxf4 Ng6 18. Rf1 Nxh4 19. Nc2 Ng6 20. Ne3 h4
21. Bf4 g3 22. Bxe6 fxe6 23. Qg4 Nxf4 24. Rxf4 O-O-O 25. Nd5 Qd7 26. Nf6
Qe7 27. Nd5 Qd7 28. Nf6 Qe7 29. Nd5 1/2-1/2

[Event "2nd UzChess Cup Futures"]
[Site "Tashkent UZB"]
[Date "2025.06.25"]
[Round "7"]
[White "Chatalbashev,B"]
[Black "Nigmatov,Ortik"]
[Result "1-0"]
[WhiteElo "2489"]
[BlackElo "2474"]
[EventDate "2025.06.18"]

1. Nf3 c5 2. c4 Nf6 3. Nc3 Nc6 4. g3 d5 5. cxd5 Nxd5 6. Bg2 Nxc3 7. bxc3 e5
8. d3 Be7 9. O-O O-O 10. Nd2 Qc7 11. Nc4 Be6 12. Qa4 Bd7 13. f4 Rad8 14.
Rb1 b6 15. Ne3 Na5 16. Qe4 Be6 17. f5 Bc8 18. Qg4 c4 19. dxc4 Bc5 20. Bd5
Rxd5 21. cxd5 Nc4 22. Qe4 Nd6 23. Qc2 Bb7 24. Rd1 Bc8 25. Kg2 h5 26. Rf1
Qd7 27. g4 hxg4 28. c4 Bxe3 29. Bxe3 Nxf5 30. Rb3 g6 31. Bf2 Nd6 32. c5
bxc5 33. Bxc5 Bb7 34. Qd3 Ba8 35. Rf6 Ne4 36. Bxf8 Nxf6 37. Rb8 Bxd5+ 38.
Kg1 Qc6 39. Qd2 Ne8 40. Ba3 Be4 41. Qh6 Bd5 1-0

[Event "2nd UzChess Cup Futures"]
[Site "Tashkent UZB"]
[Date "2025.06.26"]
[Round "8"]
[White "Saydaliev,Saidakbar"]
[Black "Nigmatov,Ortik"]
[Result "1-0"]
[WhiteElo "2450"]
[BlackElo "2474"]
[EventDate "2025.06.18"]

1. d4 d5 2. c4 e6 3. Nc3 Nf6 4. Nf3 Bb4 5. Qa4+ Nc6 6. Bd2 O-O 7. a3 Bxc3
8. Bxc3 Bd7 9. Qb3 dxc4 10. Qxc4 Ne4 11. e3 Nxc3 12. Qxc3 Ne7 13. Rc1 Rc8
14. Be2 Bc6 15. O-O Ng6 16. Qa5 a6 17. Rfd1 Qe7 18. Qh5 Rfd8 19. Rc5 Rd5
20. Rxd5 Bxd5 21. Rc1 a5 22. Bd3 f5 23. Ng5 Nf8 24. Nh3 c5 25. Nf4 Bb3 26.
Bb5 Rc7 27. Qe8 Qd6 28. Qb8 b6 29. h4 a4 30. Nd3 Qe7 31. Ne5 Rb7 32. Qa8
Ra7 33. Qc6 cxd4 34. exd4 Bd5 35. Qe8 Qxh4 36. Rc8 Qe7 37. Nd7 Rxd7 38.
Bxd7 Qf6 39. Bxa4 h6 40. Qd8 Qxd4 41. Qxf8+ Kh7 42. Qb4 Qf6 43. Bb5 1-0

[Event "2nd UzChess Cup Futures"]
[Site "Tashkent UZB"]
[Date "2025.06.26"]
[Round "8"]
[White "Alekseev,Evgeny"]
[Black "Chatalbashev,B"]
[Result "1-0"]
[WhiteElo "2520"]
[BlackElo "2489"]
[EventDate "2025.06.18"]

1. e4 c5 2. Nf3 Nc6 3. d4 cxd4 4. Nxd4 g6 5. c4 Nf6 6. Nc3 d6 7. f3 Nxd4 8.
Qxd4 Bg7 9. Be3 Be6 10. Rc1 O-O 11. Qd2 Qa5 12. b3 Rfc8 13. Be2 a6 14. Na4
Qxd2+ 15. Kxd2 Nd7 16. g4 f5 17. gxf5 gxf5 18. Rhg1 Kh8 19. Nc3 Rf8 20. f4
fxe4 21. Nxe4 Rad8 22. Bg4 Bxg4 23. Rxg4 Nf6 24. Nxf6 Bxf6 25. Kd3 Rg8 26.
Rg3 b5 27. Rc2 b4 28. Ke4 e6 29. c5 Rc8 30. Rxg8+ Kxg8 31. Rg2+ Kf7 32.
cxd6 Ke8 33. Bd4 Kf7 34. Be5 Rc1 35. Kd3 Rc5 36. Rc2 Rd5+ 37. Ke4 Rd1 38.
Ke3 Bd8 39. Rg2 Bb6+ 40. Ke2 Rg1 41. Rxg1 Bxg1 42. h3 Ke8 43. Kd3 Bf2 44.
Kc4 Be1 45. Kc5 Kd7 46. Kb6 Bd2 47. Kxa6 Kc6 48. Ka5 Be1 49. Ka4 h5 50. a3
bxa3 51. Kxa3 Kb6 52. Ka4 Kc6 53. b4 Bh4 54. b5+ Kc5 55. Ka5 Kd5 1-0

[Event "2nd UzChess Cup Futures"]
[Site "Tashkent UZB"]
[Date "2025.06.26"]
[Round "8"]
[White "Begmuratov,Khumoyun"]
[Black "Pichot,A"]
[Result "1/2-1/2"]
[WhiteElo "2470"]
[BlackElo "2588"]
[EventDate "2025.06.18"]

1. e4 e5 2. Nf3 Nc6 3. Bc4 Bc5 4. c3 Nf6 5. d3 h6 6. O-O d6 7. Re1 O-O 8.
h3 a5 9. Nbd2 Be6 10. Bb5 Nd7 11. Nf1 f5 12. exf5 Bxf5 13. d4 exd4 14. cxd4
Bb6 15. Ng3 Bg6 16. Qa4 Nf6 17. Nh4 Bh7 18. Bxc6 bxc6 19. Qxc6 Qd7 20. Qxd7
Nxd7 21. Nf3 Nf6 22. Bd2 a4 23. Rac1 Bg6 24. a3 Nd5 25. Re6 Be8 26. Ree1
Bd7 27. Kh2 Rf7 28. Be3 Ba5 29. Red1 Rb8 30. Bd2 Bb6 31. Re1 Rbf8 32. Re4
Bb5 33. Kg1 Bd3 34. Ree1 Rxf3 35. gxf3 Bxd4 36. Be3 Bxb2 37. Rcd1 Bc4 38.
Bc1 Be5 39. Re4 Nc3 40. Rxc4 Nxd1 41. f4 d5 42. Rxa4 Nc3 43. Ra5 Bxf4 44.
Bb2 Bxg3 45. fxg3 Rf3 46. Kg2 Rd3 47. Bxc3 Rxc3 48. Rxd5 Rxa3 49. Rc5 Ra7
50. Rc6 Kf7 51. h4 Ke8 52. Rg6 c5 53. Rc6 Ra2+ 54. Kf3 Rc2 55. Rc7 Kf8 56.
g4 Rc3+ 57. Kf4 Kg8 58. Rc8+ Kf7 59. Rc7+ Kg6 60. h5+ Kh7 61. g5 hxg5+ 62.
Kxg5 Rg3+ 63. Kh4 Rc3 64. Kg5 Rc1 65. h6 Rg1+ 66. Kh5 Rh1+ 67. Kg5 Rg1+ 68.
Kh5 1/2-1/2

[Event "2nd UzChess Cup Futures"]
[Site "Tashkent UZB"]
[Date "2025.06.26"]
[Round "8"]
[White "Sychev,K"]
[Black "Abdisalimov,Abdimalik"]
[Result "1-0"]
[WhiteElo "2513"]
[BlackElo "2490"]
[EventDate "2025.06.18"]

1. e4 c5 2. Nf3 d6 3. d4 cxd4 4. Nxd4 Nf6 5. Nc3 a6 6. f4 e5 7. Nf3 Qc7 8.
Bd3 Be7 9. O-O O-O 10. Kh1 Nbd7 11. g4 Nxg4 12. f5 b5 13. Qe2 Bb7 14. Rg1
Ndf6 15. h3 b4 16. Nd5 Bxd5 17. exd5 e4 18. Bxe4 Nxe4 19. Rxg4 Nf6 20. Rg2
Rfe8 21. Bh6 g6 22. fxg6 hxg6 23. Qd3 Bf8 24. Bxf8 Rxf8 25. Rag1 Qe7 26.
Ng5 Ra7 27. Qd4 Rb7 28. Ne6 Nh5 29. Nxf8 Qxf8 30. Rf1 Qe8 31. Rf5 Ng7 32.
Rf3 a5 33. Re3 Qa8 34. Qe4 Rb5 35. Kh2 Qa7 36. Rf3 Rb7 37. Re2 Rc7 38. c4
bxc3 39. Rxc3 Rb7 40. Rc8+ Kh7 41. Qh4+ Nh5 42. Qd8 Qd4 43. Qg8+ Kh6 44.
Qh8+ Qxh8 45. Rxh8+ Kg5 46. Rd8 Nf4 47. Rd2 f5 48. Rxd6 Rh7 49. Rc6 Rxh3+
50. Kg1 Rg3+ 51. Kf1 Rf3+ 52. Ke1 Nd3+ 53. Ke2 Ne5 54. Re6 Nc4 55. Kxf3
Nxd2+ 56. Ke3 Ne4 57. d6 Nc5 58. Re5 Nd7 59. Re7 Nb6 60. d7 1-0

[Event "2nd UzChess Cup Futures"]
[Site "Tashkent UZB"]
[Date "2025.06.26"]
[Round "8"]
[White "Atabayev,Saparmyrat"]
[Black "Ruck,R1"]
[Result "1-0"]
[WhiteElo "2517"]
[BlackElo "2515"]
[EventDate "2025.06.18"]

1. e4 c6 2. d4 d5 3. e5 Bf5 4. h4 h6 5. g4 Be4 6. f3 Bh7 7. e6 c5 8. Bd3
Bxd3 9. Qxd3 cxd4 10. Ne2 Nc6 11. Nxd4 Nxd4 12. Qxd4 Qd6 13. Nc3 Qxe6+ 14.
Be3 Qc6 15. Qxd5 Nf6 16. Qxc6+ bxc6 17. O-O-O e6 18. h5 Be7 19. Ne4 Nxe4
20. fxe4 Rf8 21. Rd3 f6 22. Rhd1 Rf7 23. Rc3 Rc8 24. Rc4 Bf8 25. Ra4 Rcc7
26. Rd3 c5 27. Ra6 Rfe7 28. Bf4 e5 29. Be3 Red7 30. Kd2 Rd8 31. Rxd8+ Kxd8
32. Kc3 Kc8 33. Kc4 1-0

[Event "2nd UzChess Cup Futures"]
[Site "Tashkent UZB"]
[Date "2025.06.27"]
[Round "9"]
[White "Ruck,R1"]
[Black "Saydaliev,Saidakbar"]
[Result "1/2-1/2"]
[WhiteElo "2515"]
[BlackElo "2450"]
[EventDate "2025.06.18"]

1. Nf3 Nf6 2. g3 d5 3. Bg2 e6 4. O-O Be7 5. d4 O-O 6. c4 dxc4 7. Ne5 Nc6 8.
Bxc6 bxc6 9. Nxc6 Qe8 10. Nxe7+ Qxe7 11. Qa4 e5 12. dxe5 Qxe5 13. Qxc4 Be6
14. Qd3 Bf5 15. Qe3 Qa5 16. Nc3 Rfe8 17. Qf4 Bh3 18. Rd1 Rab8 19. a3 Qb6
20. Be3 Qc6 21. Qf3 Qxf3 22. exf3 Rxb2 23. Bxa7 Rb3 24. Bd4 Nd7 25. Ne4 h6
26. a4 Rxf3 27. Nc5 Nxc5 28. Bxc5 Rf5 29. Rdc1 Ra8 30. a5 Ra6 31. Bb4 Rb5
32. Bd2 Rd5 33. Be1 c5 34. Rab1 Bf5 35. Rb5 Re6 36. Rb2 Bd3 1/2-1/2

[Event "2nd UzChess Cup Futures"]
[Site "Tashkent UZB"]
[Date "2025.06.27"]
[Round "9"]
[White "Abdisalimov,Abdimalik"]
[Black "Atabayev,Saparmyrat"]
[Result "0-1"]
[WhiteElo "2490"]
[BlackElo "2517"]
[EventDate "2025.06.18"]

1. e4 c5 2. Nf3 d6 3. d4 cxd4 4. Nxd4 Nf6 5. Nc3 a6 6. Bg5 Nbd7 7. f4 Qc7
8. Qe2 e5 9. Nf5 h6 10. Bxf6 Nxf6 11. O-O-O exf4 12. Qd2 Bxf5 13. exf5
O-O-O 14. Qxf4 d5 15. Qf3 Qa5 16. Kb1 Bb4 17. Ne2 Rhe8 18. Nd4 Qb6 19. c3
Bc5 20. Bd3 Qd6 21. g3 Re5 22. Nc2 Qe7 23. a3 Ne4 24. Rhf1 Qg5 25. Qg2 Kc7
26. Ka2 Rde8 27. Rf4 Kb8 28. Qf3 Qf6 29. Qf1 Qb6 30. Na1 Be3 31. Bxe4 Bxf4
32. Bxd5 Bg5 33. Bxf7 Rf8 34. Bg6 Rd8 35. Nb3 Bf6 36. g4 Rxd1 37. Qxd1 Ka7
38. Qf1 Qe3 39. Bf7 Re4 40. Bd5 Rxg4 41. Bg2 Bxc3 0-1

[Event "2nd UzChess Cup Futures"]
[Site "Tashkent UZB"]
[Date "2025.06.27"]
[Round "9"]
[White "Pichot,A"]
[Black "Sychev,K"]
[Result "1/2-1/2"]
[WhiteElo "2588"]
[BlackElo "2513"]
[EventDate "2025.06.18"]

1. e4 e5 2. Nf3 Nc6 3. Bb5 a6 4. Ba4 Nf6 5. O-O Nxe4 6. d4 b5 7. Bb3 d5 8.
dxe5 Be6 9. Be3 Be7 10. c3 Qd7 11. Nbd2 Rd8 12. h3 O-O 13. Bc2 Bf5 14. Re1
Qe6 15. Nb3 Qg6 16. Kh2 b4 17. Nbd4 bxc3 18. bxc3 Nxd4 19. Nxd4 c5 20. Nxf5
Qxf5 21. f4 f6 22. c4 d4 23. Bc1 d3 24. Bxd3 Qd7 25. Bc2 Qxd1 26. Bxd1 Nf2
27. Bf3 fxe5 28. fxe5 Nd3 29. Re2 Nxe5 30. Bd5+ Kh8 31. Bb2 Ng6 32. Rae1
Bd6+ 33. g3 Ne7 34. Rd1 Nf5 35. Be5 Bxe5 36. Rxe5 g6 37. Kg2 Rfe8 38. Rde1
Rxe5 39. Rxe5 Rb8 40. g4 Nd4 41. Kg3 a5 42. Re7 Rf8 43. a4 h6 44. h4 Rf6
45. g5 hxg5 46. hxg5 Rf1 47. Be4 Nf5+ 48. Bxf5 Rxf5 49. Kg4 Kg8 50. Ra7 Re5
51. Kf4 Rf5+ 52. Ke4 Rxg5 53. Rxa5 Kf7 54. Ra6 Ke7 55. a5 Kd7 56. Rf6
1/2-1/2

[Event "2nd UzChess Cup Futures"]
[Site "Tashkent UZB"]
[Date "2025.06.27"]
[Round "9"]
[White "Chatalbashev,B"]
[Black "Begmuratov,Khumoyun"]
[Result "1/2-1/2"]
[WhiteElo "2489"]
[BlackElo "2470"]
[EventDate "2025.06.18"]

1. Nf3 Nf6 2. g3 e6 3. Bg2 d5 4. O-O Be7 5. d3 O-O 6. Nbd2 Nc6 7. e4 dxe4
8. dxe4 e5 9. b3 Bc5 10. Bb2 Qe7 11. a3 a5 12. c3 Rd8 13. Qe2 Ba7 14. b4
Bg4 15. Rfe1 Bh5 16. h3 Qe6 17. Qb5 Bxf3 18. Nxf3 Qb3 19. Re2 Nxe4 20. Rxe4
Qxb2 21. Rf1 Qxc3 22. Nxe5 axb4 23. axb4 Nxe5 24. Qxe5 Qxe5 25. Rxe5 c6 26.
b5 Bd4 27. Re7 cxb5 28. Rxb7 Rab8 29. Rb1 Rxb7 30. Bxb7 Ba7 31. Rxb5 Rd2
32. Rf5 g6 33. Rf4 Kg7 34. g4 f6 35. Ba6 Ra2 36. Bf1 Bc5 37. Kg2 Rd2 38.
Bc4 Rd4 1/2-1/2

[Event "2nd UzChess Cup Futures"]
[Site "Tashkent UZB"]
[Date "2025.06.27"]
[Round "9"]
[White "Nigmatov,Ortik"]
[Black "Alekseev,Evgeny"]
[Result "1-0"]
[WhiteElo "2474"]
[BlackElo "2520"]
[EventDate "2025.06.18"]

1. e4 e5 2. Nf3 Nc6 3. g3 Nf6 4. d3 g6 5. Bg2 Bg7 6. c4 d6 7. h3 Nd7 8. Bg5
f6 9. Be3 Nc5 10. Nc3 Ne6 11. h4 h5 12. Nd5 Ne7 13. Qa4+ Bd7 14. Qb3 b6 15.
d4 c5 16. dxe5 dxe5 17. O-O O-O 18. Ne1 Nc6 19. Qd1 Ned4 20. Nc2 Bg4 21. f3
Be6 22. Nxd4 cxd4 23. Bd2 Qd7 24. f4 Bg4 25. Qa4 Kh7 26. f5 Rae8 27. Rae1
Rf7 28. Kh2 gxf5 29. exf5 Nd8 30. Qa6 Nc6 31. Qa4 Nd8 32. Qa3 Bh6 33. Bxh6
Kxh6 34. Be4 Nc6 35. Qa4 Rc8 36. Qc2 Ne7 37. Nb4 Qd6 38. Nd3 Rg7 39. b4
Rgg8 1-0